| 000 | 00435cam a2200181ua 4500 | ||
|---|---|---|---|
| 001 | 1643 | ||
| 008 | 110714n ii |||gr||||Z||||||eng | ||
| 040 | _cMAIN | ||
| 082 | _a330.01 | ||
| 100 | 1 | _aHuda, Monirul, | |
| 245 | 1 |
_aArthaniti tattva _cby Monirul Huda |
|
| 250 | _a3rd. | ||
| 260 |
_aDibrugarh: _bBanalata,998. |
||
| 300 |
_aviii; 232p: _bill; _c23cm. |
||
| 653 | _aEconomics | ||
| 653 | _aPrinciples of economics | ||
| 942 | _cBK | ||
| 999 |
_c1530 _d1530 |
||